000 00603nam a22002177a 4500
003 UA-OsUOA
001 7100
007 ta
008 20040401b un ||||| |||| 00| 0 ukr d
090 _a659.3
942 _cBK
040 _aUA-OsUOA
_brus
_cUA-OsUOA
_dUA-OsUOA
245 _aИнформационное общество
_cИнститут разития информационного общества, Россиская инженерная академия
955 _a0
041 _arus
080 _a659.3
260 _aМ.
_c1989
044 _aUA
650 7 _2UDC
999 _c293261
_d293261